| 000 -LEADER |
| fixed length control field |
00616nam a22000977a 4500 |
| 008 - FIXED-LENGTH DATA ELEMENTS--GENERAL INFORMATION |
| fixed length control field |
211004b ||||| |||| 00| 0 eng d |
| 100 ## - MAIN ENTRY--AUTHOR'S NAME |
| Author's Name |
Mackay, James |
| 245 ## - TITLE STATEMENT |
| Title |
The world encyclopedia of stamps & stamp collecting |
| 260 ## - PUBLICATION, DISTRIBUTION, ETC. (IMPRINT) |
| Name of publisher, distributor, etc. |
Lorenz Books |
| Date of publication, distribution, etc. |
2005; 2007 |
| 650 ## - TOPICAL TERM (Tag) |
| Topical term or geographic name |
Dictionaries and Encyclopedias | Collecting | Collecting -- Guides and Handbooks | Collecting -- Identification -- Stamp Finders | Definitive Issues | Commemorative Issues | Designs | Stamps -- Histories | Famous Stamps and Collections | Philately -- History | First Issues | Production | Color | Topical Collecting | Cinderella Material | Postal History |